| 000 | 00602nam a2200193Ia 4500 | ||
|---|---|---|---|
| 008 | 151121s9999||||xx |||||||||||||| ||und|| | ||
| 082 | _a920/किराणे | ||
| 082 | _bHNW-63569 | ||
| 100 | _aकिराणे मेघा | ||
| 245 | _aमी नरसाबाई | ||
| 260 | _b"चेतश्री प्रकाशन, अंमळनेर" | ||
| 260 | _c-- | ||
| 300 | _a87 | ||
| 600 | _aकिराणे मेघा | ||
| 630 | _aमी नरसाबाई | ||
| 700 | _aकिराणे मेघा | ||
| 730 | _aमी नरसाबाई | ||
| 942 | _cBOOK | ||
| 999 |
_c1245101 _d1245098 |
||